| 000 | 00707nam a22002057a 4500 | ||
|---|---|---|---|
| 003 | NUST-PNEC | ||
| 005 | 20170116180954.0 | ||
| 008 | 140518b xxu||||| |||| 00| 0 eng d | ||
| 020 | _a8131718360 | ||
| 040 | _cPNEC | ||
| 082 | _a629.892 CRA | ||
| 100 |
_9119 _aCraig, John J |
||
| 245 |
_aIntroduction to Robotics: Mechanics and Control _cJohn J. Craig |
||
| 250 | _a3rd ed. | ||
| 260 |
_aNew Dehli _bPearson Education _cc.2013 |
||
| 300 |
_a400 p. : _bill. : _c24 cm. |
||
| 500 | _ahttp://www.amazon.com/Introduction-Robotics-Mechanics-Control-3rd/dp/8131718360/ref=sr_1_1?s=books&ie=UTF8&qid=1400402895&sr=1-1&keywords=9788131718360 | ||
| 650 |
_xEE, EL, Computer _99252 _aRobotics |
||
| 942 |
_2ddc _cBK |
||
| 999 |
_c66507 _d66507 |
||